| 000 | 00983nam a2200265 a 4500 | ||
|---|---|---|---|
| 001 | 26477 | ||
| 003 | CO-ViMGA | ||
| 008 | 141112s2004 ck r 000 u spa d | ||
| 020 | _a9789588562957 | ||
| 040 |
_aCO-ViMGA _bspa _cCO-ViMGA |
||
| 041 | _aSPA | ||
| 090 | _aP MAT13 | ||
| 245 | 1 | 0 |
_aLos mató la vida : _bantología de escritores suicidas portugueses = Matou - os a vida : _bantologia de escritores suicidas portugueses / _cPablo Javier Pérez López, antologista y traductor |
| 250 | _a1a ed., 1a reimpr. | ||
| 260 |
_aMedellín : _bTragaluz, _c2014 |
||
| 300 | _a213 p. : il., fot. byn. | ||
| 490 | _aLusitania | ||
| 500 | _aEdición blingüe español - portugués. Incluye nota bibliográfica al final | ||
| 650 | 1 | 4 |
_aAUTORES PORTUGUESES _941319 |
| 650 | 1 | 4 |
_aLITERATURA PORTUGUESA _9800 |
| 650 | 1 | 4 |
_aPOESÍA PORTUGUESA - ANTOLOGÍAS _941320 |
| 650 | 1 | 4 |
_aSUICIDAS - PORTUGAL _941321 |
| 700 | 1 |
_aPérez López, Pablo Javier, 1983 - _941322 |
|
| 942 |
_2ddc _cBK |
||
| 999 |
_c2441 _d2441 |
||